000 02333nam a22003491i 4500
003 OSt
005 20210119105042.0
008 210118t20202020enk||||gr|||| 000 f eng d
020 _a9780241986165
_cRM 46.50
_qpaperback
040 _aPPAK
_beng
_cPPAK
_erda
082 0 4 _223
_a823.92
090 0 0 _a823.92
_bSIL
_dG
100 1 _aSilver, Josie,
_eauthor.
245 1 4 _athe two lives of Lydia Bird /
_cJOSIE SILVER.
246 3 0 _aThe 2 lives of Lydia Bird
264 1 _aLondon :
_bPenguin Books,
_c2020.
264 4 _c©2020.
300 _a433 pages ;
_c20 cm.
336 _atext
_2rdacontent
337 _aunmediated
_2rdamedia
338 _avolume
_2rdacarrier
500 _a"What if you could live your great love story again?"--Cover.
520 _aWritten with Josie Silver?s trademark warmth and wit, The Two Lives of Lydia Bird is a powerful and thrilling love story about the what-ifs that arise at life?s crossroads, and what happens when one woman is given a miraculous chance to answer them. Lydia and Freddie. Freddie and Lydia. They?d been together for more than a decade and Lydia thought their love was indestructible. But she was wrong. On Lydia?s twenty-eighth birthday, Freddie died in a car accident. So now it?s just Lydia, and all she wants is to hide indoors and sob until her eyes fall out. But Lydia knows that Freddie would want her to try to live fully, happily, even without him. So, enlisting the help of his best friend, Jonah, and her sister, Elle, she takes her first tentative steps into the world, open to life?and perhaps even love?again. But then something inexplicable happens that gives her another chance at her old life with Freddie. A life where none of the tragic events of the past few months have happened. Lydia is pulled again and again through the doorway to her past, living two lives, impossibly, at once. But there's an emotional toll to returning to a world where Freddie, alive, still owns her heart. Because there's someone in her new life, her real life, who wants her to stay.
650 0 _aDreams
_vFiction.
650 0 _aMan-woman relationships
_vFiction.
650 0 _aLife change events
_vFiction.
650 0 _aTraffic accident victims
_vFiction
650 0 _aDeath
_vFiction
650 0 _aGrief
_vFiction
655 7 _aRomance fiction
942 _2ddc
_cB
999 _c181333
_d181333